Statistiques concernant Villes d'Auvergne-Rhône-Alpes - Carte Quiz

Cliquez ici pour prendre le quiz!

Statistiques générales

  • Ce quiz a été pris 5 993 fois
  • Le résultat moyen est 11 sur 18

Réponses sur la Carte

Les réponses sont colorées sur une échelle allant du rouge au vert en fonction du pourcentage des utilisateurs qui les ont devinées à leur premier essai. Vous pouvez retrouver ces pourcentages ci-dessous.
 

Statistiques - réponses

Réponse% Correct
Lyon
85%
Grenoble
78%
Clermont-Ferrand
72%
Saint-Étienne
72%
Annecy
71%
Bourg-en-Bresse
70%
Chambéry
69%
Chamonix
69%
Valence
65%
Aurillac
60%
Le Puy-en-Velay
58%
Privas
58%
Roanne
57%
Montélimar
55%
Moulins
54%
Vienne
50%
Montluçon
46%
Issoire
40%

Distribution des résultats

Percentile par nombre de réponses

% des personnes avec chaque résultat

Votre développement - résultats

Vous n’avez pas pris ce quiz